| 000 | 00796nam a2200289 a 4500 | ||
|---|---|---|---|
| 003 | AR-BaBNM | ||
| 005 | 20251128210426.0 | ||
| 008 | 082120s2002 ||||||||||||||000 | spa|| | ||
| 020 | _a950-05-0733-1 | ||
| 040 | _cAR-BaBNM | ||
| 100 | 1 | _aHalac, Ricardo | |
| 245 | 0 | 0 |
_aTeatro _bMil años, un día _n3 ; |
| 260 |
_aBuenos Aires _bEdiciones Corregidor _c1993 |
||
| 300 | _a126 p. | ||
| 490 | 0 | _aDramaturgos argentinos contemporáneos | |
| 650 | 4 | _aRACISMO | |
| 650 | 4 | _aANTISEMITISMO | |
| 650 | 4 | _aLITERATURA CONTEMPORANEA | |
| 650 | 4 | _aTEATRO ARGENTINO | |
| 653 | _aHISTORIA ESPAÑOLA | ||
| 655 | _aLITERATURA | ||
| 700 | 1 |
_aBoero, Alejandra _eprologuista |
|
| 700 | 1 |
_aGlickman, Nora _eprologuista |
|
| 800 | 1 |
_aPellettieri, Osvaldo _edirector |
|
| 942 | _cBK | ||
| 998 | _cMARTIN | ||
| 999 |
_c15427 _d15427 |
||